Le Mexique pour les touristes... - Statistiques

Statistiques générales
  • Ce quiz a été pris 44 fois
  • Le résultat moyen est 10 sur 20
Statistiques - réponses
Question Indice Réponses % Correct
Quelle est la langue officielle ? Espagnol
100%
Avez-vous besoin d'un visa ? (oui/non) Non
88%
Combien d'heures (environ) mettrez-vous pour vous y rendre ? (en chiffres) 11
80%
La conduite se fait à droite ou à gauche ? Droite
80%
Dans la capitale quel est le décalage horaire avec Paris ? (+ ou - et chiffre) ex - 10 - 8
76%
Le principal aéroport est M Mexico
76%
La vitesse est limitée hors des villes à {110} km/h
73%
Quel est le climat local ? T Tempéré
66%
Le suffixe internet est mx
63%
La religion majoritaire est Catholicisme
54%
Quelle est la monnaie ? Peso mexicain
46%
Quelles sont les principaux lieux touristiques ? C I Chichen Itza
44%
Achats à faire 5/ Pour la sieste Hamac
37%
Achats à faire 1/ Pierre verte Jade
37%
Comment se nomme la principale compagnie aérienne locale A Aeromexico
34%
Quelles sont les principaux lieux touristiques ? A A Cascades d' {Agua azul}
20%
Achats à faire 2/ Statuettes appelées Alebrijes
7%
Quelles sont les principaux lieux touristiques ? C Coba
7%
Achats à faire 3/ Chasuble Huipil
7%
Achats à faire 4/ Chemise pour homme Guayabera
5%
Aucun quiz correspondant
Distribution des résultats
% des personnes avec chaque résultat
Percentile par nombre de réponses
Votre historique - résultats
Vous n’avez pas pris ce quiz